Project Management Handbook

Enregistré dans:
Détails bibliographiques
Autres auteurs: Cleland, David I., King, William R.
Format: Livre
Langue:anglais
Publié: New York Van Nostrand Reinhold 1988
Édition:2. ed.
Tags: Ajouter un tag
Pas de tags, Soyez le premier à ajouter un tag!

MARC

LEADER 00000nam a2200000 4500
001 c024176
005 20221219120440.5
041 0 |a eng 
044 |a US 
245 1 0 |a Project Management Handbook  |c Edit. David I. Cleland, William R. King 
250 |a 2. ed. 
264 1 |a New York  |b Van Nostrand Reinhold  |c 1988 
300 |a 997 s. 
700 1 |a Cleland, David I. 
700 1 |a King, William R.